|
|
|
|
| LEADER |
00000nam a22000007a 4500 |
| 005 |
2014043004584.0 |
| 007 |
cr|||| |||| |
| 008 |
140430c20139999sp |||| s|||| 0|||b1spa d |
| 035 |
|
|
|a 12042
|
| 040 |
|
|
|a vLex
|
| 090 |
|
|
|c 4865
|d 4865
|
| 245 |
0 |
0 |
|a Revista de Derecho, Empresa y Sociedad (REDS)
|h [Recurso electrn̤ico]
|
| 246 |
1 |
3 |
|a REDS
|
| 256 |
|
|
|a Servicio en ln̕ea
|
| 260 |
|
|
|a Madrid :
|b Dykinson,
|c 2013 -
|
| 300 |
|
|
|a 1 recurso electrn̤ico
|
| 310 |
|
|
|a Trimestral
|
| 362 |
|
|
|a Nm︢. 1 (2013) -
|
| 506 |
1 |
|
|a Contenido solo disponible en los productos indicados
|d vLex Global
|d vLex Global (Academic Edition, excluding Law Schools)
|d vLex Global (U.S. Academic Edition, Law Schools)
|d vLex Global (U.S. Academic Edition, excluding Law Schools)
|d vLex Global (Academic Edition, Law Schools)
|
| 650 |
0 |
4 |
|a Derecho
|z Espaą
|
| 650 |
0 |
4 |
|a Societats
|z Espaą
|
| 740 |
0 |
|
|a vLex Revistas (Servicio en ln̕ea)
|
| 740 |
0 |
|
|a REDS
|
| 856 |
4 |
0 |
|u http://vlex.com/source/revista-derecho-empresa-sociedad-reds-12042
|z Acceso restringido
|
| 942 |
|
|
|c REV
|
| 999 |
0 |
|
|a Corporations
|
| 999 |
0 |
|
|a Law
|